[Event "Hannover-ch U18"]
[Site "Lehrte"]
[Date "2010.10.12"]
[Round "7"]
[White "Hapke, Nils"]
[Black "Kleist, Soeren"]
[Result "0-1"]
[WhiteElo "1545"]
[BlackElo "1444"]
[PlyCount "68"]
[EventDate "2010.10.09"]
[EventType "swiss"]
[EventRounds "7"]
[EventCountry "GER"]
[SourceTitle "EXT 2021"]
[Source "ChessBase"]
[SourceDate "2020.10.23"]
[SourceVersion "1"]
[SourceVersionDate "2020.10.23"]
[SourceQuality "1"]

1. e4 e5 2. Nf3 Nc6 3. d4 exd4 4. Nxd4 Bc5 5. Be3 Qf6 6. c3 a6 7. Bc4 Nge7 8. 0-0 0-0 9. Nc2 Bxe3 10. Nxe3 d6 11. Nd2 Ne5 12. Be2 N7g6 13. Nd5 Qd8 14. f4 Nd7 15. f5 Nge5 16. Nf3 Re8 17. Qc2 c6 18. Ne3 Qb6 19. Qd2 Ng4 20. Nd4 Nxe3 21. Qxe3 Nf6 22. Bf3 Qxb2 23. g4 h6 24. Rfe1 Nd5 25. Qc1 Qxc3 26. exd5 Qxd4+ 27. Kg2 Bd7 28. dxc6 Rxe1 29. Qxe1 Bxc6 30. h3 Re8 31. Qd1 Bxf3+ 32. Qxf3 Qd2+ 33. Kf1 Re3 34. Qg2 Qd3+ 0-1

[Event "Hannover-ch U16/18"]
[Site "Stadthagen"]
[Date "2009.10.03"]
[Round "2"]
[White "Flauss, Bastian"]
[Black "Kleist, Soeren"]
[Result "0-1"]
[WhiteElo "883"]
[BlackElo "1407"]
[PlyCount "70"]
[EventDate "2009.10.03"]
[EventType "swiss"]
[EventRounds "7"]
[EventCountry "GER"]
[SourceTitle "EXT 2021"]
[Source "ChessBase"]
[SourceDate "2020.10.23"]
[SourceVersion "1"]
[SourceVersionDate "2020.10.23"]
[SourceQuality "1"]

1. e4 e5 2. Nf3 Nc6 3. Nc3 Nf6 4. Bc4 Bc5 5. 0-0 d6 6. h3 Be6 7. b3 0-0 8. d3 h6 9. Nd5 Na5 10. Bd2 Nxc4 11. bxc4 c6 12. Nxf6+ Qxf6 13. c3 Rfe8 14. d4 exd4 15. cxd4 Bxd4 16. Nxd4 Qxd4 17. Bf4 Qxe4 18. Bxd6 Rad8 19. Re1 Qg6 20. c5 Bxh3 21. g3 Rxe1+ 22. Qxe1 Be6 23. Qd2 Qh5 24. Kf1 Qh1+ 25. Ke2 Qxa1 26. Qf4 Qxa2+ 27. Kf1 Qb1+ 28. Kg2 Bd5+ 29. Kh3 Qh1+ 30. Kg4 Be6+ 31. Qf5 Bxf5+ 32. Kxf5 Qd5+ 33. Kf4 Rxd6 34. cxd6 Qxd6+ 35. Kf3 Qe5 0-1

[Event "Hannover-ch U16"]
[Site "Lehrte"]
[Date "2008.10.13"]
[Round "5"]
[White "Flauss, Bastian"]
[Black "Kleist, Soeren"]
[Result "0-1"]
[WhiteElo "961"]
[BlackElo "1046"]
[PlyCount "44"]
[EventDate "2008.10.11"]
[EventType "swiss"]
[EventRounds "7"]
[EventCountry "GER"]
[SourceTitle "EXT 2021"]
[Source "ChessBase"]
[SourceDate "2020.10.23"]
[SourceVersion "1"]
[SourceVersionDate "2020.10.23"]
[SourceQuality "1"]

1. e4 e5 2. Nf3 Nc6 3. Bc4 Bc5 4. d3 d6 5. Nc3 Nf6 6. Bg5 Bg4 7. Nd5 h6 8. Bxf6 gxf6 9. Qd2 Bxf3 10. gxf3 Nd4 11. Qd1 c6 12. c3 cxd5 13. cxd4 Bb4+ 14. Kf1 dxc4 15. Qa4+ Qd7 16. Qxb4 Qh3+ 17. Ke2 cxd3+ 18. Ke3 0-0-0 19. Qa3 exd4+ 20. Kxd4 Qxf3 21. Qxa7 Qxf2+ 22. Kxd3 Qxa7 0-1

[Event "Hannover-ch U16"]
[Site "Lehrte"]
[Date "2008.10.13"]
[Round "6"]
[White "Goehner, Matthias"]
[Black "Kleist, Soeren"]
[Result "0-1"]
[WhiteElo "1184"]
[BlackElo "1046"]
[PlyCount "50"]
[EventDate "2008.10.11"]
[EventType "swiss"]
[EventRounds "7"]
[EventCountry "GER"]
[SourceTitle "EXT 2021"]
[Source "ChessBase"]
[SourceDate "2020.10.23"]
[SourceVersion "1"]
[SourceVersionDate "2020.10.23"]
[SourceQuality "1"]

1. e4 e5 2. Nf3 Nc6 3. Bc4 Bc5 4. d3 d6 5. Nc3 Nf6 6. Bg5 h6 7. Bh4 0-0 8. h3 Be6 9. Bxe6 fxe6 10. a3 d5 11. exd5 exd5 12. 0-0 Re8 13. Bxf6 gxf6 14. Nh4 Kh7 15. Qg4 Ne7 16. Qe6 Qd6 17. Qf7+ Kh8 18. Ng6+ Nxg6 19. Qxg6 d4 20. Qxh6+ Kg8 21. Ne4 Qc6 22. Qxf6 Re6 23. Qg5+ Rg6 24. Qd2 Rf8 25. Nxc5 Qxg2# 0-1

[Event "Hannover-ch U14"]
[Site "Bueckeburg"]
[Date "2007.11.01"]
[Round "1"]
[White "Kleist, Soeren"]
[Black "Bockrath, Hendrik"]
[Result "0-1"]
[WhiteElo "936"]
[BlackElo "900"]
[PlyCount "50"]
[EventDate "2007.11.01"]
[EventType "swiss"]
[EventRounds "7"]
[EventCountry "GER"]
[SourceTitle "EXT 2021"]
[Source "ChessBase"]
[SourceDate "2020.10.23"]
[SourceVersion "1"]
[SourceVersionDate "2020.10.23"]
[SourceQuality "1"]

1. e4 e5 2. Nf3 Nc6 3. d4 exd4 4. Nxd4 Nf6 5. Nc3 Bb4 6. Bg5 Bxc3+ 7. bxc3 h6 8. Bxf6 Qxf6 9. Qd2 d6 10. Bb5 0-0 11. Bxc6 bxc6 12. Nxc6 Re8 13. 0-0 Rxe4 14. Qd5 Qg6 15. Ne7+ Rxe7 16. Qxa8 Re8 17. Rfe1 Rf8 18. Qxa7 Bh3 19. g3 Bf5 20. Qb7 d5 21. Re3 c5 22. Rae1 Qh5 23. Re8 Qf3 24. Rxf8+ Kh7 25. Qxd5 Qxd5 0-1